000 00604cab a2200229 4500
001 X2306
008 090401t1995 xxu||||| |||| 00| 0 eng d
035 _a(Sirsi) u23263
041 _aeng
245 _aReview of mining legislation
260 _c1995
350 _a0
490 _aCSM (Chartered Surveyor Monthly)
_v4(7) May 1995, 8(1)
650 _aCOMPULSORY ACCESS
650 _aCONSULTATION DOCUMENT
650 _aDTI
650 _aMINES (WORKING FACILITIES AND SUPPORT) ACTS
650 _aOPENCAST COAL OPERATORS
690 _aMINING AND MINERALS
942 _n0
948 _c04/03/1997
999 _c15563
_d15563